<?xml version="1.0" encoding="UTF-8"?>
<record
    xmlns:xsi="http://www.w3.org/2001/XMLSchema-instance"
    xsi:schemaLocation="http://www.loc.gov/MARC21/slim http://www.loc.gov/standards/marcxml/schema/MARC21slim.xsd"
    xmlns="http://www.loc.gov/MARC21/slim">

  <leader>04665nam0a22006251  4500</leader>
  <controlfield tag="001">RU\NLR\A1\25450</controlfield>
  <controlfield tag="005">20260406154845.0</controlfield>
  <datafield tag="035" ind1=" " ind2=" ">
    <subfield code="a">(NLR Aleph) 009679774</subfield>
  </datafield>
  <datafield tag="090" ind1=" " ind2=" ">
    <subfield code="a">9697434</subfield>
    <subfield code="c">9697434</subfield>
  </datafield>
  <datafield tag="100" ind1=" " ind2=" ">
    <subfield code="a">19990517d1783    m  y0rusy50      ca</subfield>
  </datafield>
  <datafield tag="101" ind1="1" ind2=" ">
    <subfield code="a">rus</subfield>
    <subfield code="c">ger</subfield>
  </datafield>
  <datafield tag="102" ind1=" " ind2=" ">
    <subfield code="a">RU</subfield>
  </datafield>
  <datafield tag="135" ind1=" " ind2=" ">
    <subfield code="a">crcn 024anaba</subfield>
  </datafield>
  <datafield tag="140" ind1=" " ind2=" ">
    <subfield code="a">a   a   v        liyaa0000  </subfield>
  </datafield>
  <datafield tag="200" ind1="1" ind2=" ">
    <subfield code="a">&#x414;&#x443;&#x445; &#x43C;&#x430;&#x441;&#x43E;&#x43D;&#x441;&#x442;&#x432;&#x430;.</subfield>
    <subfield code="f">&#x41D;&#x440;&#x430;&#x432;&#x43E;&#x443;&#x447;&#x438;&#x442;&#x435;&#x43B;&#x44C;&#x43D;&#x44B;&#x44F; &#x438;&#x437;&#x442;&#x43E;&#x43B;&#x43A;&#x43E;&#x432;&#x430;&#x442;&#x435;&#x43B;&#x44C;&#x43D;&#x44B;&#x44F; &#x440;&#x435;&#x447;&#x438; &#x412;&#x438;&#x43B;&#x44C;&#x433;&#x435;&#x43B;&#x43C;&#x430; &#x413;&#x443;&#x447;&#x438;&#x43D;&#x441;&#x43E;&#x43D;&#x430;.</subfield>
    <subfield code="g">[&#x41F;&#x435;&#x440;. &#x441; &#x43D;&#x435;&#x43C;.]</subfield>
  </datafield>
  <datafield tag="210" ind1=" " ind2=" ">
    <subfield code="a">[&#x41C;&#x43E;&#x441;&#x43A;&#x432;&#x430;</subfield>
    <subfield code="c">&#x422;&#x430;&#x439;&#x43D;&#x430;&#x44F; &#x43C;&#x430;&#x441;&#x43E;&#x43D;. &#x442;&#x438;&#x43F;.</subfield>
    <subfield code="d">1783]</subfield>
  </datafield>
  <datafield tag="215" ind1=" " ind2=" ">
    <subfield code="a">[4], 276 &#x441;., 1 &#x43B;. &#x438;&#x43B;.</subfield>
    <subfield code="d">8&#xB0;</subfield>
  </datafield>
  <datafield tag="300" ind1=" " ind2=" ">
    <subfield code="a">&#x41F;&#x435;&#x440;&#x435;&#x434; &#x442;&#x435;&#x43A;&#x441;&#x442;&#x43E;&#x43C; &#x437;&#x430;&#x433;&#x43E;&#x43B;&#x43E;&#x432;&#x43E;&#x43A;: "&#x414;&#x443;&#x445; &#x43A;&#x430;&#x43C;&#x435;&#x43D;&#x449;&#x438;&#x447;&#x435;&#x441;&#x442;&#x432;&#x430;"</subfield>
  </datafield>
  <datafield tag="300" ind1=" " ind2=" ">
    <subfield code="a">&#x41E;&#x434;&#x43D;&#x430; &#x438;&#x437; &#x43F;&#x435;&#x440;&#x432;&#x44B;&#x445; &#x43A;&#x43D;., &#x43D;&#x430;&#x43F;&#x435;&#x447;. &#x432; &#x442;&#x430;&#x439;&#x43D;&#x43E;&#x439; &#x43C;&#x430;&#x441;&#x43E;&#x43D;. &#x442;&#x438;&#x43F;. &#x411;&#x44B;&#x43B;&#x430; &#x43A;&#x43E;&#x43D;&#x444;&#x438;&#x441;&#x43A;&#x43E;&#x432;&#x430;&#x43D;&#x430; &#x432;&#x43E; &#x432;&#x440;&#x435;&#x43C;&#x44F; &#x430;&#x440;&#x435;&#x441;&#x442;&#x430; &#x41D;. &#x418;. &#x41D;&#x43E;&#x432;&#x438;&#x43A;&#x43E;&#x432;&#x430; &#x438; &#x432; 1793 &#x433;. &#x43F;&#x43E;&#x434;&#x432;&#x435;&#x440;&#x433;&#x43B;&#x430;&#x441;&#x44C; &#x443;&#x43D;&#x438;&#x447;&#x442;&#x43E;&#x436;&#x435;&#x43D;&#x438;&#x44E; &#x43F;&#x43E; &#x443;&#x43A;&#x430;&#x437;&#x443; &#x415;&#x43A;&#x430;&#x442;&#x435;&#x440;&#x438;&#x43D;&#x44B; II</subfield>
  </datafield>
  <datafield tag="316" ind1=" " ind2=" ">
    <subfield code="a">&#x42D;&#x43A;&#x437;. &#x420;&#x41D;&#x411; (18.330.77) &#x432; &#x446;&#x435;&#x43B;&#x44C;&#x43D;&#x43E;&#x43A;&#x43E;&#x436;&#x430;&#x43D;&#x43E;&#x43C; &#x43A;&#x430;&#x440;&#x442;&#x43E;&#x43D;. &#x43F;&#x435;&#x440;. &#x41D;&#x430; &#x43A;&#x440;&#x44B;&#x448;&#x43A;&#x430;&#x445; &#x43F;&#x435;&#x440;. &#x43E;&#x440;&#x43D;&#x430;&#x43C;&#x435;&#x43D;&#x442;. &#x440;&#x430;&#x43C;&#x43A;&#x438; &#x437;&#x43E;&#x43B;&#x43E;&#x442;&#x43E;&#x433;&#x43E; &#x442;&#x438;&#x441;&#x43D;&#x435;&#x43D;&#x438;&#x44F;. &#x41D;&#x430; &#x43D;&#x438;&#x436;&#x43D;&#x435;&#x439; &#x43A;&#x440;&#x44B;&#x448;&#x43A;&#x435; &#x43F;&#x435;&#x440;. &#x44F;&#x440;&#x43B;&#x44B;&#x43A; &#x420;&#x41D;&#x411; &#x441; &#x448;&#x438;&#x444;&#x440;&#x43E;&#x43C; &#x438; &#x448;&#x442;&#x430;&#x43C;&#x43F; &#x44D;&#x43B;&#x435;&#x43A;&#x442;&#x440;. &#x431;-&#x43A;&#x438;. &#x41A;&#x43E;&#x440;&#x435;&#x448;&#x43E;&#x43A; &#x441; &#x437;&#x43E;&#x43B;&#x43E;&#x442;&#x44B;&#x43C; &#x442;&#x438;&#x441;&#x43D;&#x435;&#x43D;&#x438;&#x435;&#x43C; (&#x43F;&#x43E;&#x437;&#x43E;&#x43B;&#x43E;&#x442;&#x430; &#x447;&#x430;&#x441;&#x442;&#x438;&#x447;&#x43D;&#x43E; &#x443;&#x442;&#x440;&#x430;&#x447;&#x435;&#x43D;&#x430;), &#x432;&#x435;&#x440;&#x445;&#x43D;&#x438;&#x439; &#x441;&#x43B;&#x43E;&#x439; &#x43A;&#x43E;&#x436;&#x430;&#x43D;&#x43E;&#x433;&#x43E; &#x43F;&#x43E;&#x43A;&#x440;&#x44B;&#x442;&#x438;&#x44F; &#x441;&#x438;&#x43B;&#x44C;&#x43D;&#x43E; &#x437;&#x430;&#x442;&#x435;&#x440;&#x442;. &#x41D;&#x430; &#x43A;&#x43E;&#x440;&#x435;&#x448;&#x43A;&#x435; &#x437;&#x43E;&#x43B;&#x43E;&#x442;&#x43E;&#x43C; &#x432;&#x44B;&#x442;&#x438;&#x441;&#x43D;&#x435;&#x43D;&#x43E;: "&#x414;&#x443;&#x445; &#x43C;&#x430;&#x441;&#x43E;&#x43D;&#x441;&#x442;&#x432;&#x430;", "&#x41C;. &#x41E;.", &#x43D;&#x438;&#x436;&#x435; &#x431;&#x443;&#x43C;&#x430;&#x436;&#x43D;&#x430;&#x44F; &#x43D;&#x430;&#x43A;&#x43B;&#x435;&#x439;&#x43A;&#x430; &#x441; &#x43F;&#x43E;&#x440;&#x44F;&#x434;&#x43A;&#x43E;&#x432;&#x44B;&#x43C; &#x43D;&#x43E;&#x43C;&#x435;&#x440;&#x43E;&#x43C; &#x43A;&#x43D;. &#x43D;&#x430; &#x43F;&#x43E;&#x43B;&#x43A;&#x435;: "77". &#x41E;&#x431;&#x440;&#x435;&#x437; &#x437;&#x43E;&#x43B;&#x43E;&#x442;&#x43E;&#x439;. &#x41D;&#x430; &#x444;&#x43E;&#x440;&#x437;&#x430;&#x446;&#x435; &#x44F;&#x440;&#x43B;&#x44B;&#x43A;-&#x43C;&#x430;&#x440;&#x43A;&#x430; &#x420;&#x41D;&#x411; &#x441; &#x448;&#x438;&#x444;&#x440;&#x43E;&#x43C; (&#x43F;&#x435;&#x440;&#x435;&#x447;&#x435;&#x440;&#x43A;&#x43D;&#x443;&#x442;), &#x43D;&#x430;&#x43A;&#x43B;&#x435;&#x435;&#x43D;&#x43D;&#x44B;&#x439; &#x43F;&#x43E;&#x432;&#x435;&#x440;&#x445; &#x44F;&#x440;&#x43B;&#x44B;&#x43A;&#x43E;&#x432; &#x441;&#x43E; &#x441;&#x442;&#x430;&#x440;&#x44B;&#x43C;&#x438; &#x448;&#x438;&#x444;&#x440;&#x430;&#x43C;&#x438;, &#x437;&#x430;&#x43F;&#x438;&#x441;&#x44C; &#x431;&#x438;&#x431;&#x43B;&#x438;&#x43E;&#x433;&#x440;. &#x445;-&#x440;&#x430;: "&#x431;&#x438;&#x431;&#x43B;&#x438;&#x43E;&#x433;&#x440;&#x430;&#x444;&#x438;&#x447;&#x435;&#x441;&#x43A;&#x430;&#x44F; &#x440;&#x435;&#x434;&#x43A;&#x43E;&#x441;&#x442;&#x44C; [&#x43F;&#x43E;&#x434;&#x43F;&#x438;&#x441;&#x44C;]", &#x43D;&#x430; &#x431;&#x443;&#x43C;&#x430;&#x436;&#x43D;&#x43E;&#x43C; &#x443;&#x433;&#x43E;&#x43B;&#x43A;&#x435; &#x43F;&#x43E;&#x43C;&#x435;&#x442;&#x44B; (&#x448;&#x430;&#x440;&#x438;&#x43A;&#x43E;&#x432;&#x430;&#x44F; &#x440;&#x443;&#x447;&#x43A;&#x430;, &#x43A;&#x430;&#x440;&#x430;&#x43D;&#x434;&#x430;&#x448;). &#x41D;&#x430; &#x43D;&#x430;&#x445;&#x437;&#x430;&#x446;&#x435; &#x43F;&#x43E;&#x43C;&#x435;&#x442;&#x430; (&#x43A;&#x430;&#x440;&#x430;&#x43D;&#x434;&#x430;&#x448;). &#x41D;&#x430; &#x441;. 276 &#x442;&#x435;&#x445;&#x43D;. &#x43F;&#x43E;&#x43C;&#x435;&#x442;&#x44B; (&#x447;&#x435;&#x440;&#x43D;&#x438;&#x43B;&#x430;, &#x43A;&#x430;&#x440;&#x430;&#x43D;&#x434;&#x430;&#x448;). &#x41F;&#x44F;&#x442;&#x43D;&#x430; &#x438; &#x437;&#x430;&#x433;&#x440;&#x44F;&#x437;&#x43D;&#x435;&#x43D;&#x438;&#x44F; &#x43F;&#x43E; &#x432;&#x441;&#x435;&#x43C;&#x443; &#x43A;&#x43D;. &#x431;&#x43B;&#x43E;&#x43A;&#x443;. &#x420;&#x430;&#x437;&#x43C;&#x435;&#x440;: 16,5&#x445;10,5&#x445;2,5 &#x441;&#x43C;</subfield>
    <subfield code="5">NLR: 18.330.77</subfield>
  </datafield>
  <datafield tag="317" ind1=" " ind2=" ">
    <subfield code="a">&#x42D;&#x43A;&#x437;. &#x417;&#x41D;&#x411; &#x421;&#x413;&#x423; &#x438;&#x437; &#x431;-&#x43A;&#x438; &#x41F;. &#x41C;. &#x41C;&#x430;&#x43B;&#x44C;&#x446;&#x435;&#x432;&#x430;</subfield>
    <subfield code="5">&#x417;&#x41D;&#x411; &#x421;&#x413;&#x423;</subfield>
  </datafield>
  <datafield tag="321" ind1="1" ind2=" ">
    <subfield code="a">&#x421;&#x41A; XVIII 7944</subfield>
  </datafield>
  <datafield tag="325" ind1="1" ind2=" ">
    <subfield code="a">&#x41A;&#x43E;&#x43F;&#x438;&#x44F; &#x434;&#x43E;&#x441;&#x442;&#x443;&#x43F;&#x43D;&#x430; &#x432; &#x44D;&#x43B;&#x435;&#x43A;&#x442;&#x440;&#x43E;&#x43D;&#x43D;&#x43E;&#x439; &#x431;&#x438;&#x431;&#x43B;&#x438;&#x43E;&#x442;&#x435;&#x43A;&#x435; &#x420;&#x41D;&#x411;</subfield>
  </datafield>
  <datafield tag="327" ind1="0" ind2=" ">
    <subfield code="a">&#x41F;&#x440;&#x438;&#x431;&#x430;&#x432;&#x43B;&#x435;&#x43D;&#x438;&#x435;. &#x41D;&#x435;&#x43A;&#x43E;&#x442;&#x43E;&#x440;&#x44B;&#x435; &#x432;&#x43E;&#x43F;&#x440;&#x43E;&#x441;&#x44B; &#x438; &#x43E;&#x442;&#x432;&#x435;&#x442;&#x44B; &#x43E; &#x43C;&#x430;&#x441;&#x43E;&#x43D;&#x441;&#x43A;&#x43E;&#x43C; &#x442;&#x430;&#x438;&#x43D;&#x441;&#x442;&#x432;&#x435;, &#x43F;&#x438;&#x441;&#x430;&#x43D;&#x43D;&#x44B;&#x44F; &#x441;&#x430;&#x43C;&#x438;&#x43C; &#x413;&#x435;&#x439;&#x43D;&#x440;&#x438;&#x445;&#x43E;&#x43C; &#x428;&#x435;&#x441;&#x442;&#x44B;&#x43C;, &#x438; &#x43C;&#x43D;&#x43E;&#x44E; &#x418;&#x43E;&#x433;&#x430;&#x43D;&#x43D;&#x43E;&#x43C; &#x41B;&#x435;&#x439;&#x43B;&#x430;&#x43D;&#x434;&#x43E;&#x43C;, &#x430;&#x43D;&#x442;&#x438;&#x43A;&#x432;&#x430;&#x440;&#x438;&#x443;&#x441;&#x43E;&#x43C;, &#x432;&#x435;&#x440;&#x43D;&#x43E; &#x441;&#x43F;&#x438;&#x441;&#x430;&#x43D;&#x43D;&#x44B;&#x435; &#x43F;&#x43E; &#x43F;&#x43E;&#x432;&#x435;&#x43B;&#x435;&#x43D;&#x438;&#x44E; &#x435;&#x433;&#x43E; &#x432;&#x44B;&#x441;&#x43E;&#x447;&#x435;&#x441;&#x442;&#x432;&#x430; (&#x421;.269-276)</subfield>
  </datafield>
  <datafield tag="514" ind1="1" ind2=" ">
    <subfield code="a">&#x414;&#x443;&#x445; &#x43A;&#x430;&#x43C;&#x435;&#x43D;&#x449;&#x438;&#x447;&#x435;&#x441;&#x442;&#x432;&#x430;</subfield>
  </datafield>
  <datafield tag="620" ind1=" " ind2=" ">
    <subfield code="d">&#x41C;&#x43E;&#x441;&#x43A;&#x432;&#x430;</subfield>
  </datafield>
  <datafield tag="700" ind1=" " ind2="1">
    <subfield code="6">z01790</subfield>
    <subfield code="a">&#x425;&#x430;&#x442;&#x447;&#x438;&#x43D;&#x441;&#x43E;&#x43D;</subfield>
    <subfield code="b">&#x423;.</subfield>
    <subfield code="f">1732-1814</subfield>
    <subfield code="g">&#x423;&#x438;&#x43B;&#x44C;&#x44F;&#x43C;</subfield>
  </datafield>
  <datafield tag="702" ind1=" " ind2="0">
    <subfield code="8">rus</subfield>
    <subfield code="7">ca</subfield>
    <subfield code="a">&#x415;&#x43A;&#x430;&#x442;&#x435;&#x440;&#x438;&#x43D;&#x430;</subfield>
    <subfield code="c">&#x438;&#x43C;&#x43F;&#x435;&#x440;&#x430;&#x442;&#x440;&#x438;&#x446;&#x430; &#x440;&#x43E;&#x441;&#x441;&#x438;&#x439;&#x441;&#x43A;&#x430;&#x44F;</subfield>
    <subfield code="d">II</subfield>
    <subfield code="f">1729-1796</subfield>
    <subfield code="3">RU\NLR\AUTH\772098</subfield>
    <subfield code="9">112115</subfield>
  </datafield>
  <datafield tag="702" ind1=" " ind2="1">
    <subfield code="a">&#x41C;&#x430;&#x43B;&#x44C;&#x446;&#x435;&#x432;</subfield>
    <subfield code="b">&#x41F;. &#x41C;.</subfield>
    <subfield code="g">&#x41F;&#x430;&#x438;&#x441;&#x438;&#x439; &#x41C;&#x438;&#x445;&#x430;&#x439;&#x43B;&#x43E;&#x432;&#x438;&#x447;</subfield>
    <subfield code="4">390</subfield>
  </datafield>
  <datafield tag="702" ind1=" " ind2="1">
    <subfield code="a">&#x41B;&#x435;&#x439;&#x43B;&#x430;&#x43D;&#x434;</subfield>
    <subfield code="b">&#x418;.</subfield>
    <subfield code="g">&#x418;&#x43E;&#x433;&#x430;&#x43D;&#x43D;</subfield>
  </datafield>
  <datafield tag="702" ind1=" " ind2="0">
    <subfield code="8">rus</subfield>
    <subfield code="7">ca</subfield>
    <subfield code="a">&#x413;&#x435;&#x43D;&#x440;&#x438;&#x445;</subfield>
    <subfield code="c">&#x43A;&#x43E;&#x440;&#x43E;&#x43B;&#x44C; &#x430;&#x43D;&#x433;&#x43B;&#x438;&#x439;&#x441;&#x43A;&#x438;&#x439;</subfield>
    <subfield code="d">VI</subfield>
    <subfield code="f">1421-1471</subfield>
    <subfield code="3">RU\NLR\AUTH\7791419</subfield>
    <subfield code="9">74346</subfield>
  </datafield>
  <datafield tag="702" ind1=" " ind2="1">
    <subfield code="8">rus</subfield>
    <subfield code="7">ca</subfield>
    <subfield code="a">&#x41D;&#x43E;&#x432;&#x438;&#x43A;&#x43E;&#x432;</subfield>
    <subfield code="b">&#x41D;. &#x418;.</subfield>
    <subfield code="c">&#x438;&#x437;&#x434;&#x430;&#x442;&#x435;&#x43B;&#x44C;</subfield>
    <subfield code="f">1744-1818</subfield>
    <subfield code="g">&#x41D;&#x438;&#x43A;&#x43E;&#x43B;&#x430;&#x439; &#x418;&#x432;&#x430;&#x43D;&#x43E;&#x432;&#x438;&#x447;</subfield>
    <subfield code="3">RU\NLR\AUTH\772860</subfield>
    <subfield code="9">112867</subfield>
  </datafield>
  <datafield tag="712" ind1="0" ind2="2">
    <subfield code="4">610</subfield>
    <subfield code="a">&#x422;&#x430;&#x439;&#x43D;&#x430;&#x44F; &#x43C;&#x430;&#x441;&#x43E;&#x43D;&#x441;&#x43A;&#x430;&#x44F; &#x442;&#x438;&#x43F;&#x43E;&#x433;&#x440;&#x430;&#x444;&#x438;&#x44F;</subfield>
    <subfield code="c">&#x41C;&#x43E;&#x441;&#x43A;&#x432;&#x430;</subfield>
    <subfield code="3">RU\NLR\AUTH\889930190</subfield>
    <subfield code="9">355939</subfield>
  </datafield>
  <datafield tag="790" ind1=" " ind2="0">
    <subfield code="6">z02702</subfield>
    <subfield code="a">Henry</subfield>
    <subfield code="c">&#x43A;&#x43E;&#x440;&#x43E;&#x43B;&#x44C; &#x430;&#x43D;&#x433;&#x43B;.</subfield>
    <subfield code="d">VI</subfield>
    <subfield code="7">ba</subfield>
  </datafield>
  <datafield tag="790" ind1=" " ind2="1">
    <subfield code="6">z01700</subfield>
    <subfield code="a">Hutchinson</subfield>
    <subfield code="b">W.</subfield>
    <subfield code="g">William</subfield>
    <subfield code="7">ba</subfield>
  </datafield>
  <datafield tag="790" ind1=" " ind2="1">
    <subfield code="6">z01700</subfield>
    <subfield code="a">&#x413;&#x443;&#x447;&#x438;&#x43D;&#x441;&#x43E;&#x43D;</subfield>
    <subfield code="b">&#x412;.</subfield>
    <subfield code="g">&#x412;&#x438;&#x43B;&#x44C;&#x433;&#x435;&#x43B;&#x44C;&#x43C;</subfield>
  </datafield>
  <datafield tag="801" ind1=" " ind2="0">
    <subfield code="a">RU</subfield>
    <subfield code="b">NLR</subfield>
    <subfield code="c">19990517</subfield>
  </datafield>
  <datafield tag="852" ind1=" " ind2=" ">
    <subfield code="a">NLR</subfield>
    <subfield code="j">18.330.77</subfield>
  </datafield>
  <datafield tag="852" ind1=" " ind2=" ">
    <subfield code="a">NLR</subfield>
    <subfield code="j">&#x41C;&#x444; &#x41A;1/22332</subfield>
  </datafield>
  <datafield tag="856" ind1=" " ind2="0">
    <subfield code="u">http://vivaldi.nlr.ru/bx000074854/view</subfield>
  </datafield>
  <datafield tag="856" ind1=" " ind2="1">
    <subfield code="u">http://vivaldi.nlr.ru/bx000074854/cover</subfield>
  </datafield>
  <datafield tag="856" ind1=" " ind2="2">
    <subfield code="u">http://vivaldi.nlr.ru/bx000074854/text</subfield>
  </datafield>
  <datafield tag="899" ind1=" " ind2=" ">
    <subfield code="a">&#x420;&#x413;&#x411;</subfield>
  </datafield>
  <datafield tag="899" ind1=" " ind2=" ">
    <subfield code="a">&#x411;&#x410;&#x41D;</subfield>
  </datafield>
  <datafield tag="899" ind1=" " ind2=" ">
    <subfield code="a">&#x417;&#x41D;&#x411; &#x421;&#x413;&#x423;</subfield>
  </datafield>
  <datafield tag="899" ind1=" " ind2=" ">
    <subfield code="a">&#x41C;&#x413;&#x423;</subfield>
  </datafield>
  <datafield tag="899" ind1=" " ind2=" ">
    <subfield code="a">&#x413;&#x41F;&#x418;&#x411;</subfield>
  </datafield>
  <datafield tag="901" ind1=" " ind2=" ">
    <subfield code="e">&#x41A;&#x43D;&#x438;&#x436;&#x43D;&#x44B;&#x435; &#x438;&#x437;&#x434;&#x430;&#x43D;&#x438;&#x44F;</subfield>
  </datafield>
  <datafield tag="942" ind1=" " ind2=" ">
    <subfield code="c">BOOK</subfield>
  </datafield>
  <datafield tag="980" ind1=" " ind2=" ">
    <subfield code="a">NB</subfield>
  </datafield>
  <datafield tag="980" ind1="9" ind2=" ">
    <subfield code="a">kprsl</subfield>
  </datafield>
  <datafield tag="980" ind1=" " ind2=" ">
    <subfield code="a">A1XVIIIv</subfield>
  </datafield>
  <datafield tag="981" ind1="2" ind2="0">
    <subfield code="a">(20) &#x41A;&#x43D;&#x438;&#x436;&#x43D;&#x44B;&#x435; &#x43F;&#x430;&#x43C;&#x44F;&#x442;&#x43D;&#x438;&#x43A;&#x438; &#x420;&#x41D;&#x411;</subfield>
    <subfield code="b">(20) &#x420;&#x443;&#x441;&#x441;&#x43A;&#x438;&#x439; &#x43A;&#x43D;&#x438;&#x436;&#x43D;&#x44B;&#x439; &#x444;&#x43E;&#x43D;&#x434;</subfield>
  </datafield>
</record>
